| 000 | 00686nam a22002297a 4500 | ||
|---|---|---|---|
| 005 | 20240305165401.0 | ||
| 007 | cr|||| |||| | ||
| 008 | 130118e2005 cr |||||s|||| 00||0 spa d | ||
| 020 | _a9968-41-084-5 | ||
| 035 | _a6887 | ||
| 040 | _avLex | ||
| 090 |
_c3547 _d3547 |
||
| 100 | 1 | 0 | _aScala, Jorge |
| 245 | 1 | 0 |
_aGénero y derechos humanos _h[Recurso electrónico] |
| 256 | _aServicio en línea | ||
| 260 |
_aSan José (Costa Rica) : _bEdiciones Promesa Cultural, _c2005 |
||
| 300 | _a1 Recurso electrónico | ||
| 650 | 0 | 4 | _aViolencia de género |
| 740 | _avLex Libros (Servicio en línea) | ||
| 856 |
_aAcceso restringido _uhttp://www.vlex.com/source/6887 |
||
| 942 | _cRAA | ||
| 999 |
_c161936 _d161936 |
||